Normal view
MARC view
Entry Meeting Name
001 - CONTROL NUMBER
- control field: 35752
003 - CONTROL NUMBER IDENTIFIER
- control field: OSt
005 - DATE AND TIME OF LATEST TRANSACTION
- control field: 20211105135803.0
008 - FIXED-LENGTH DATA ELEMENTS
- fixed length control field: 211105|| aca||aabn | a|a d
040 ## - CATALOGING SOURCE
- Original cataloging agency: OSt
- Transcribing agency: OSt
111 ## - HEADING--MEETING NAME
- Meeting name or jurisdiction name as entry element: Indo-US Workshop on Solar-Terrestrial Physics
- Number of part/section/meeting: 2nd
- Location of meeting: Delhi
- Date of meeting or treaty signing: 1984
670 ## - SOURCE DATA FOUND
- Source citation: Work cat.: (OSt): Indo-US Workshop on Solar-Terrestrial Physics 2nd Delhi 1984, Solar terrestrial physics, 1986